| 000 | 01287 a2200253 4500 | ||
|---|---|---|---|
| 003 | Nust | ||
| 005 | 20221229112402.0 | ||
| 010 | _a 2009051328 | ||
| 020 | _a0073510831 (alk. paper) | ||
| 020 | _a9780073510835 (alk. paper) | ||
| 040 | _cNust | ||
| 082 | 0 | 0 | _a621.902,KRA |
| 100 | 1 | _aKrar, Stephen F. | |
| 245 | 1 | 0 |
_aTechnology of machine tools / _cSteve F. Krar, Arthur R. Gill, Peter Smid. |
| 250 | _a5th ed. | ||
| 260 |
_aNew York, NY : _bMcGraw-Hill, _c2011. |
||
| 300 | _a869p | ||
| 505 | _aMachine Tools (Page-1), Safety (Page-5), Measurement Systems, Precision Measurement and Inspection (Page-8), Layout Tools (Page-59), Hand Tools and Bench Work (Page-70), Physics of Metal Cutting (Page-88), Contour Bandsaw (Page-99), Drilling Machines (Page-114), The Engine Lathe (Page-141), Shapers and Slotters (Page-200), Milling Machines (Page-217), The Jig Borer and Jig Grinder (Page-293), Abrasives (Page-317), Grinding Machines (Page-330), Carbide, Ceramic and Diamond Cutting Tools (Page-367), Cutting Fluids (Page-387), Metallurgy (Page-396), Hydraulics (Page-427), Special Processes (Page-440). | ||
| 650 | 0 |
_aMachine-shop practice. _936237 |
|
| 650 | 0 | _aMachine-tools. | |
| 700 | 1 |
_aGill, Arthur, _d1930- _936238 |
|
| 700 | 1 |
_aSmid, Peter. _936239 |
|
| 942 |
_2ddc _cBK |
||
| 999 |
_c183594 _d183594 |
||